| 000 | 00529nam a2200205Ia 4500 | ||
|---|---|---|---|
| 003 | OSt | ||
| 005 | 20140311163112.0 | ||
| 008 | 140130s9999 xx 000 0 und d | ||
| 020 | _a0590137662 | ||
| 050 |
_aPZ 7 _b.R982Hes 1991 |
||
| 100 |
_aRylant, Cynthia _94596 |
||
| 245 |
_cCynthia Rylant. _aHenry and Mudge and the bedtime thumps |
||
| 260 |
_bScholastic, _c1991. _aNew York : |
||
| 300 |
_a40 p. : _bcol. ill. ; _c19 cm. |
||
| 440 |
_v1 _930995 |
||
| 521 | _aG3 | ||
| 526 | _c540 | ||
| 942 |
_cBK _2lcc |
||
| 999 |
_c40615 _d40615 |
||